| 000 | 01119njm a2200313Ia 4500 | ||
|---|---|---|---|
| 001 | 72457 | ||
| 003 | IT-RoPAU | ||
| 005 | 20220918181151.0 | ||
| 008 | 131025s9999 xx 000 0 und d | ||
| 040 | _aIT-RoPAU | ||
| 040 | _cIT-RoPAU | ||
| 041 | _aPOLACCO | ||
| 999 |
_c102088 _d102088 |
||
| 999 | _bn.d. | ||
| 100 |
_aSmietana Jaroslaw _924499 |
||
| 100 |
_eAutore musica _924500 |
||
| 100 |
_gCodice autore musica SPICS: 25117 _924501 |
||
| 245 | _aSounds & Colours-Polish jazz (Lp Sx 2537) | ||
| 250 | _a1a ed. | ||
| 260 | _aPOLONIA | ||
| 260 |
_bMUZA _c1987 [1a Ed.:1987 - Ed. Lingua Orig.: 1987] |
||
| 300 | _aDISCO | ||
| 300 | _c42 minuti (Testo: 0 pag.) | ||
| 500 | _aMusica jazz polacca. | ||
| 505 | _aSounds and Colours - Okapi, Pekari, Karibu - Flashing Dance - Every Day Niagara - Turtle Song - Days of Wine and Roses - Try To Make It Better | ||
| 650 |
_aJAZZ [DISCHI] _eCodice MATERIA SPICS: 9950 _924502 |
||
| 700 |
_aSmietana Jaroslaw _eAutore testo e musica _gCodice autore testo/musica SPICS: 25117 _924503 |
||
| 700 |
_aSmietana Jaroslaw _gCodice interprete SPICS: 25117 _eInterprete _924504 |
||
| 942 |
_cMD _2ddc |
||